| 000 | 00000cam 2200000zi 4500 |
| 001 | 9.963336 |
| 003 | CaOODSP |
| 005 | 20260605125128 |
| 006 | m o d f |
| 007 | cr |n||||||||| |
| 008 | 260605e20260601onc ob f|0| 0 fre d |
| 040 | |aCaOODSP|bfre|erda|cCaOODSP |
| 043 | |an-cn--- |
| 086 | 1 |aH113-5/2026-2F-PDF |
| 245 | 00|aPesticides de la famille des triazoles : |bévaluation de la portée des risques cumulatifs pour la santé, formulation du problème et approche d’analyse prévue. |
| 264 | 1|aOttawa, Ontario : |bSanté Canada = Health Canada, |c1 juin 2026. |
| 264 | 4|c©2026 |
| 300 | |a1 ressource en ligne (25 pages). |
| 336 | |atexte|btxt|2rdacontent/fre |
| 337 | |ainformatique|bc|2rdamedia/fre |
| 338 | |aressource en ligne|bcr|2rdacarrier/fre |
| 490 | 1 |aNote de réévaluation, |x1925-0665 ; |vREV2026-02 |
| 500 | |aPublié aussi en anglais sous le titre : Triazole pesticides: cumulative health risk scoping assessment, problem formulation and planned approach of analysis. |
| 500 | |aLe résumé est publié aussi en format HTML. |
| 504 | |aComprend des références bibliographiques. |
| 650 | 6|aPesticides|xÉvaluation du risque|zCanada. |
| 650 | 6|aPesticides|xToxicologie|zCanada. |
| 650 | 6|aTriazoles|xToxicologie|zCanada. |
| 650 | 6|aRisques pour la santé|xÉvaluation|zCanada. |
| 710 | 1 |aCanada. |bDirection générale de la santé environnementale et de la sécurité des consommateurs, |eorganisme de publication. |
| 775 | 08|tTriazole pesticides : |w(CaOODSP)9.963333 |
| 830 | #0|aNote de réévaluation (Canada. Agence de réglementation de la lutte antiparasitaire)|x1925-0665 ;|vREV2026-02.|w(CaOODSP)9.500878 |
| 856 | 40|qPDF|s718 Ko|uhttps://publications.gc.ca/collections/collection_2026/sc-hc/h113-5/H113-5-2026-2-fra.pdf|zRapport |
| 856 | 4 |qHTML|sS.O.|uhttps://www.canada.ca/fr/sante-canada/services/securite-produits-consommation/rapports-publications/pesticides-lutte-antiparasitaire/decisions-mises-jour/note-reevaluation/2026/pesticides-famille-triazoles-evaluation-portee-risques-cumulatifs-sante-formulation-probleme-approche-analyse-prevue.html|zRésumé |